Statystyki dla Stolice Ameryki Południowej

Kliknij tutaj aby rozwiązać quiz!

Ogólne statystyki

  • Ten quiz został rozwiązany 27 razy
  • Średni wynik to 9 z 13

Statystyki odpowiedzi

KrajMiasto% Poprawnych
BrazyliaBrasilia
100%
ArgentynaBuenos Aires
94%
UrugwajMontevideo
94%
ChileSantiago
89%
KolumbiaBogota
83%
PeruLima
83%
WenezuelaCaracas
72%
EkwadorQuito
72%
ParagwajAsuncion
61%
GujanaGeorgetown
50%
BoliwiaSucre
50%
SurinamParamaribo
33%
Trynidad i TobagoPort-of-Spain
33%

Rozkład punktacji

Percentyl według liczby udzielonych odpowiedzi

Procent ludzi z każdym wynikiem

Twoja historia wyników

Nie rozwiązałeś tego quizu